Normal view
MARC view
Entry Topical Term
001 - CONTROL NUMBER
- control field: 1234445
003 - CONTROL NUMBER IDENTIFIER
- control field: OSt
005 - DATE AND TIME OF LATEST TRANSACTION
- control field: 20260409111718.0
008 - FIXED-LENGTH DATA ELEMENTS
- fixed length control field: 260409|| aca||aabn | a|a d
040 ## - CATALOGING SOURCE
- Original cataloging agency: OSt
- Transcribing agency: OSt
150 ## - HEADING--TOPICAL TERM
- Topical term or geographic name entry element: शब्दावली
670 ## - SOURCE DATA FOUND
- Source citation: Work cat.: (OSt)1466993: मेहेर, छबिल कुमार 862086, प्रशासनिक शब्दावली: , 2025.
